| 000 | 01195nam0a2200337 4500 | ||
|---|---|---|---|
| 001 | RU\NLR\BIBL_A\012566858 | ||
| 005 | 20220119123321.0 | ||
| 010 |
_a978-5-9973-5562-3 _950 |
||
| 021 |
_aRU _bКН-П-21-015565 _9КН-П-21-1231 |
||
| 035 | _a(NLR Aleph) 012566858 | ||
| 090 |
_a12478122 _c12478122 |
||
| 100 | _a20210720d2020 u y0rusy50 ca | ||
| 101 | 0 | _arus | |
| 102 | _aRU | ||
| 105 | _aac z 000ay | ||
| 181 | 0 |
_ai3 _baxxe |
|
| 181 | 0 |
_ab2 _bxb2e |
|
| 182 | 0 | _an | |
| 200 | 1 |
_aЖивая азбука _fЕ. Морева _gрисунки А. А. Пошехоновой |
|
| 203 |
_aТекст _aИзображение _bвизуальные _cнепосредственные |
||
| 210 |
_aМосква _cСпутник+ _d2020 |
||
| 215 |
_a35, [1] с. _cцв. ил., портр. _d21 |
||
| 606 | 1 |
_aРусский язык _jБуквари _2nlr_sh2 _3RU\NLR\AUTH\66969347 |
|
| 686 | 3 | _aШ141.12-921Б | |
| 700 | 1 |
_aМорева _bЕ. В. _gЕвгения Владимировна |
|
| 702 | 1 |
_aПошехонова _bА. А. _4440 |
|
| 942 | _cBOOK | ||
| 980 | _aNBR | ||
| 980 | _aNB | ||